Das Glas im chemischen Laboratorium /

Saved in:
Bibliographic Details
Main Author: Friedrichs, Fritz Walter Paul
Other Authors: Friedrich, Josef
Format: Book
Language:German
Published: Berlin : Springer, 1960.
Edition:3 Aufl. /
Subjects:
LEADER 01046cam a2200289 a 4500
001 c000381721
003 CARM
005 20110916131332.0
008 110916s1960 gw a 001 0 ger d
019 1 |a 4145761  |5 LACONCORD2021 
035 |a (OCoLC)6036579  |5 LACONCORD2021 
040 |a NUN  |b eng  |c NUN  |d XNTU 
082 0 4 |a 542 
100 1 |a Friedrichs, Fritz Walter Paul. 
245 1 4 |a Das Glas im chemischen Laboratorium /  |c Fritz Friedrichs. 
250 |a 3 Aufl. /  |b von Josef Friedrichs. 
260 |a Berlin :  |b Springer,  |c 1960. 
300 |a viii, 154 p. :  |b ill. ;  |c 24 cm. 
504 |a Index. 
650 0 |a Chemical apparatus and instruments. 
650 0 |a Glass blowing and working. 
700 1 |a Friedrich, Josef. 
852 8 |b CARM  |p 0576740  |f BK 
852 8 |b SCAN  |h A3:AG05F0  |i C12661  |p 0576740  |f BK 
999 f f |i b2e85b5f-fa0b-5066-b87e-24e14f9fec94  |s a995cac8-a1b6-5cb4-badd-52e586a3654d 
952 f f |p Can circulate  |a CAVAL  |b CAVAL  |c CAVAL  |d CARM 1 Store  |i book  |m 0576740 
952 f f |a CAVAL  |b CAVAL  |c CAVAL  |d Unmapped Location  |e C12661  |f A3:AG05F0  |h Other scheme